00354nam a2200121Ia 4500008004100000020002200041041000800063082002800071100002600099245006600125260003200191300000900223230403s9999 xx 000 0 und d a978-93-86896-88-9 aeng aF/610.73/FRA/MIS/B10220 aFrancis C and Misra K aNursing Foundations for BSc Nursing Students 2nd Ed. Sem - I  bLotus Pub.aJalandharc2022 a448p